Microfluidics and nanofluidics handbook fabrication, implementation, and applications /

Bibliographic Details
Corporate Author: ProQuest (Firm)
Other Authors: Chakraborty, Suman, 1973-, Mitra, Sushanta K.
Format: Electronic eBook
Language:English
Published: Roca Raton, FL : CRC Press, c2012.
Subjects:
Online Access:Click to View
LEADER 01631nam a2200421Ia 4500
001 EBC800908
003 MiAaPQ
005 20200520144314.0
006 m o d |
007 cr cn|||||||||
008 110309s2012 flua sbf 001 0 eng d
010 |z  2011005406 
020 |z 9781439816721 
020 |z 9781439816738 
020 |z 9781439816769 
035 |a (MiAaPQ)EBC800908 
035 |a (Au-PeEL)EBL800908 
035 |a (CaPaEBR)ebr10508906 
035 |a (CaONFJC)MIL335002 
035 |a (OCoLC)763161381 
040 |a MiAaPQ  |c MiAaPQ  |d MiAaPQ 
050 4 |a TJ853.4.M53  |b M5435 2012 
082 0 4 |a 620.1/06  |2 22 
245 0 0 |a Microfluidics and nanofluidics handbook  |h [electronic resource] :  |b fabrication, implementation, and applications /  |c edited by Sushanta K. Mitra and Suman Chakraborty. 
260 |a Roca Raton, FL :  |b CRC Press,  |c c2012. 
300 |a xv, 594 p. :  |b ill. 
504 |a Includes bibliographical references and index. 
533 |a Electronic reproduction. Ann Arbor, MI : ProQuest, 2015. Available via World Wide Web. Access may be limited to ProQuest affiliated libraries. 
650 0 |a Biotechnology  |v Handbooks, manuals, etc. 
650 0 |a Cell physiology  |v Handbooks, manuals, etc. 
650 0 |a Microfluidics  |v Handbooks, manuals, etc. 
650 0 |a Nanofluids  |v Handbooks, manuals, etc. 
650 0 |a Systems biology  |v Handbooks, manuals, etc. 
655 4 |a Electronic books. 
700 1 |a Chakraborty, Suman,  |d 1973- 
700 1 |a Mitra, Sushanta K. 
710 2 |a ProQuest (Firm) 
856 4 0 |u https://ebookcentral.proquest.com/lib/matrademy/detail.action?docID=800908  |z Click to View